<?xml version="1.0" encoding="UTF-8"?>
<collection xmlns="http://www.loc.gov/MARC21/slim">
 <record>
  <leader>01236nam a2200265 a 4500</leader>
  <controlfield tag="001">00024011</controlfield>
  <controlfield tag="008">111215s2002    bg            000 0 mul    </controlfield>
  <datafield tag="999" ind1=" " ind2=" ">
   <subfield code="c">11630</subfield>
   <subfield code="d">11630</subfield>
  </datafield>
  <datafield tag="040" ind1=" " ind2=" ">
   <subfield code="a">DB-DhAAL</subfield>
   <subfield code="c">DB-DhAAL</subfield>
  </datafield>
  <datafield tag="041" ind1=" " ind2=" ">
   <subfield code="a">ENG</subfield>
  </datafield>
  <datafield tag="041" ind1=" " ind2=" ">
   <subfield code="a">BEN</subfield>
  </datafield>
  <datafield tag="082" ind1="0" ind2="0">
   <subfield code="a">491.55</subfield>
   <subfield code="2">21</subfield>
  </datafield>
  <datafield tag="100" ind1="1" ind2=" ">
   <subfield code="a">Ali Dewan, Md. Rustam </subfield>
   <subfield code="9">24104</subfield>
  </datafield>
  <datafield tag="245" ind1="1" ind2="0">
   <subfield code="a">Influence of persian language on Bengali /</subfield>
   <subfield code="c">Md. Rustam Ali Dewan, editors Mohammad Isa Shahedi, Hamid Reza Salek, Mian Mohammad Abdul Awal</subfield>
  </datafield>
  <datafield tag="246" ind1=" " ind2=" ">
   <subfield code="a">বাংলা ভাষায় ফার্সীর প্রভাব</subfield>
  </datafield>
  <datafield tag="260" ind1=" " ind2=" ">
   <subfield code="a">Dhaka, Bangladesh :</subfield>
   <subfield code="b">Embassy of the Islamic Republic of Iran,</subfield>
   <subfield code="c">2002</subfield>
  </datafield>
  <datafield tag="300" ind1=" " ind2=" ">
   <subfield code="a">xviii, 333 p. ;</subfield>
   <subfield code="c">22 cm.</subfield>
  </datafield>
  <datafield tag="541" ind1=" " ind2=" ">
   <subfield code="e">00024011</subfield>
  </datafield>
  <datafield tag="650" ind1=" " ind2="0">
   <subfield code="a">Persian language.</subfield>
   <subfield code="9">24105</subfield>
  </datafield>
  <datafield tag="650" ind1=" " ind2="0">
   <subfield code="a">Persian language</subfield>
   <subfield code="z">Bangladesh.</subfield>
   <subfield code="9">24106</subfield>
  </datafield>
  <datafield tag="700" ind1="1" ind2=" ">
   <subfield code="a">Shahedi, Mohammad Isa </subfield>
   <subfield code="9">24107</subfield>
  </datafield>
  <datafield tag="852" ind1="1" ind2=" ">
   <subfield code="a">James P Grant School of Public Health </subfield>
   <subfield code="c">General Shelf.</subfield>
  </datafield>
  <datafield tag="942" ind1=" " ind2=" ">
   <subfield code="2">ddc</subfield>
   <subfield code="c">BK</subfield>
  </datafield>
  <datafield tag="952" ind1=" " ind2=" ">
   <subfield code="0">0</subfield>
   <subfield code="1">0</subfield>
   <subfield code="2">ddc</subfield>
   <subfield code="4">0</subfield>
   <subfield code="6">491_550000000000000_ALI</subfield>
   <subfield code="7">0</subfield>
   <subfield code="9">18921</subfield>
   <subfield code="a">JPGSPH</subfield>
   <subfield code="b">JPGSPH</subfield>
   <subfield code="c">GEN</subfield>
   <subfield code="d">2011-12-19</subfield>
   <subfield code="l">0</subfield>
   <subfield code="o">491.55 ALI</subfield>
   <subfield code="p">3060024011</subfield>
   <subfield code="r">2011-12-19</subfield>
   <subfield code="t">1</subfield>
   <subfield code="w">2011-12-19</subfield>
   <subfield code="y">BK</subfield>
  </datafield>
  <datafield tag="952" ind1=" " ind2=" ">
   <subfield code="0">0</subfield>
   <subfield code="1">0</subfield>
   <subfield code="2">ddc</subfield>
   <subfield code="4">0</subfield>
   <subfield code="6">491_550000000000000_ALI</subfield>
   <subfield code="7">0</subfield>
   <subfield code="9">62391</subfield>
   <subfield code="a">BRACUL</subfield>
   <subfield code="b">BRACUL</subfield>
   <subfield code="c">GEN</subfield>
   <subfield code="d">2017-12-28</subfield>
   <subfield code="l">1</subfield>
   <subfield code="m">30</subfield>
   <subfield code="o">491.55 ALI</subfield>
   <subfield code="p">3010032414</subfield>
   <subfield code="r">2018-07-30</subfield>
   <subfield code="s">2018-01-12</subfield>
   <subfield code="t">2</subfield>
   <subfield code="w">2017-12-28</subfield>
   <subfield code="y">BK</subfield>
  </datafield>
 </record>
</collection>
